000 00568nam a22001937a 4500
005 20170629110944.0
010 _aENG-119032
020 _a9789384721176
_c400.00
035 _aEN-102564
037 _bDBAD/PUB
082 _a126
100 _aChoudhary, Lopamudra
245 _aExperiencing self /
_cby Lopamudra Chaudhary [and] Madhucchanda Sen
260 _aKolkata
_bJadavpur University Press
_c2015
270 _aJadavpur University Kolkata-700032
300 _a152p
_c22cm.(Hb)
500 _aIncludes index
942 _2ddc
_cEN
_h126
_mCHO
999 _c142133
_d142133